000 00757nam a2200241Ia 4500
003 OSt
005 20220923225357.0
006 a|||||r|||| 00| 0
007 ta
008 220922b |||||||| |||| 00| 0 mar d
024 _a264,815
037 _cTextual
040 _aARTS
_cARTS
_bmar
041 _2mar
_amar
082 _aP155:g, H2;L3
100 _aतुळपुळ, शं0 गो0
_9156847
245 0 _aयादवकालीन मराठी भाषा
246 _aYādavakālīn marāṭhī bhāṣhā
260 _aपुणे
_b व्हीनस प्रकाशन
_c1973
300 _a415पृ0
_ccm.
942 _hP155:g, H2;L3
_cTEXL
_2CC
999 _c377895
_d377895